| 000 | 00585nam a2200217Ia 4500 | ||
|---|---|---|---|
| 005 | 20231214101755.0 | ||
| 008 | 131103s9999 xx 000 0 und d | ||
| 020 | _a1904132162 | ||
| 040 | _aLoreto College | ||
| 041 | _aEnglish | ||
| 082 |
_a731.4 _bMCC |
||
| 100 | _aMcCarthy, Soren | ||
| 245 |
_aCult movies in sixty seconds _b the best films in the world in less than a minute _cSoren McCarthy |
||
| 260 |
_aLondon _bFusion Press _c2003 |
||
| 300 | _axv,208p | ||
| 504 | _aInclude index | ||
| 650 | _aMotion Pictures | ||
| 651 | _aFilms | ||
| 850 | _aLCLIB | ||
| 942 | _cBK | ||
| 999 |
_c20130 _d70609 |
||